banner koha

Citogenética evolutiva en leguminosas americanas (Registro n. 328369)

MARC details
000 -LÍDER
fixed length control field 03987nab a2200313 i 4500
003 - CÓDIGO MARC DA AGÊNCIA CATALOGADORA
Campo de controle BR-BrBNA
005 - DATA E HORA DA ÚLTIMA ATUALIZAÇÃO
Campo de controle 20241101141636.0
008 - CAMPO DE TAMANHO FIXO
fixed length control field 241101b2008 bl.qr|pooa||| 00| 0 spa |
040 ## - FONTE DA CATALOGAÇÃO
Agência catalogadora BR-BrBNA
Idioma da catalogação spa
072 ## - CATEGORIA AGRIS
Código AGRIS F30
072 ## - CATEGORIA AGRIS
Código AGRIS F50
100 ## - ENTRADA PRINCIPAL - NOME PESSOAL
Nome pessoal Poggio, Lidia
100 ## - ENTRADA PRINCIPAL - NOME PESSOAL
Nome pessoal Espert, Shirley M.
100 ## - ENTRADA PRINCIPAL - NOME PESSOAL
Nome pessoal Fortunato, Renée H.
245 ## - TÍTULO PRINCIPAL
Título principal Citogenética evolutiva en leguminosas americanas
500 ## - NOTA GERAL
Nota geral Publicação on-line; Bibliography p. 431-433 (52 ref.); 3 illus.; Summaries (En, Es)
942 ## - ADDED ENTRY ELEMENTS (KOHA)
Koha item type Analítica
520 ## - NOTA DE RESUMO
Nota de conteúdo <br/>RESUMEN<br/><br/>(Citogenética evolutiva en Leguminosas americanas) Se presentan las características cromosómicas descriptas<br/>hasta el momento en Leguminosas americanas. A través del análisis de estos datos en conjunto con los<br/>morfológicos y las filogenias moleculares se proponen hipótesis acerca de los cambios cromosómicos ocurridos<br/>durante el proceso de divergencia y especiación de la familia. Los estudios cromosómicos indican una gran<br/>variación intergenérica, inter e intraespecífica, además de una amplia diversificación en el tamaño del genoma<br/>entre géneros, especies y poblaciones. A partir del número básico ancestral x=7 se deduce que la especiación<br/>híbrida poliploide ha sido muy importante en la diversificación de la familia. Por procesos de disploidía<br/>creciente y decreciente, tanto a nivel diploide como poliploide se originarían números básicos secundarios y<br/>series poliploides modificadas. En la parafilética subfamilia Caesalpinioideae habría predominado el proceso<br/>de disploidia decreciente de n=14 a n=11. En la monofilética subfamilia Mimosoideae, ocurrió un evento<br/>principal de evolución del número cromosómico de 14 a 13. Por último en Papilionoideae, la subfamilia más<br/>derivada de Leguminosae, se observó reducción del número básico de 14 a 7, pasando por números gaméticos<br/>de 11 y 8. Por otro lado, el origen recurrente de los poliploides y la ocurrencia de rearreglos intergenómicos,<br/>hibridación y poliploidía secundaria, son procesos que dificultan la agrupación natural de los taxones en<br/>algunos grupos de la familia Leguminosae.<br/><br/>Palabras clave: Leguminosae, citogenética, poliploidía, evolución cromosómica, hibridación, América.
520 ## - NOTA DE RESUMO
Nota de conteúdo <br/>ABSTRACT<br/><br/>(Evolutionary cytogenetics in Americans Legumes) Chromosomic features described so far for Americans<br/>legumes are reviewed and analyzed, simultaneously with morphological and molecular characters. This is an<br/>invaluable opportunity to propose hypotheses about chromosome changes during the family divergence<br/>and speciation processes. The chromosome studies showed wide inter-generic, inter and intra-specific<br/>variability, as well as marked differences in genome sizes between genera, species and populations. By<br/>postulating an ancestral basic number of seven (x=7) it is possible to deduce that polyploid hybrid speciation<br/>was very important in the diversification of the family as a whole. Due to increasing and decreasing diploidy<br/>processes, secondary basic numbers and modified polyploids series could have arised both at diploid and<br/>polyploid levels. On the other hand, recurrent origin of polyploids, occurrence of inter-genomic rearrangements,<br/>hybridization and secondary polyploidy are all processes that make it difficult to group the taxa within the<br/>Leguminosae family in a natural sequence.<br/><br/>Key words: Leguminosae, cytogenetics, poliploidía, chromosome evolution, hybridization, America.
650 ## - ASSUNTO - THESAGRO
Cabeçalho tópico ou nome geográfico LEGUMINOSAE
650 ## - ASSUNTO - THESAGRO
Cabeçalho tópico ou nome geográfico CITOGENÉTICA
650 ## - ASSUNTO - THESAGRO
Cabeçalho tópico ou nome geográfico POLIPLOIDIA
650 ## - ASSUNTO - THESAGRO
Cabeçalho tópico ou nome geográfico CROMOSSOMA
650 ## - ASSUNTO - THESAGRO
Cabeçalho tópico ou nome geográfico HÍBRIDO
650 ## - ASSUNTO - THESAGRO
Cabeçalho tópico ou nome geográfico AMÉRICA
773 0# - ENTRADA ANALÍTICA
Host Biblionumber 709
Registro do item 345890
Imprenta Rio de Janeiro-RJ Jardim Botanico do Rio de Janeiro 1935
Outro identificador 2024-6540
Título Rodriguésia (Brazil)
ISSN 0370-6583; 2175-7860 on-line
Colação v. 59(3) p. 423-433; (2008)
Número de controle de registro BR2024003256
856 ## - ACESSO E ENDEREÇO ELETRÔNICO
Identificador uniforme de recurso - URI https://www.scielo.br/j/rod/a/6z6BT3KjkhrPmDvXvpR6WQw/?format=pdf&lang=es

Nenhum exemplar disponível.

BINAGRI

Telefone: (61)3218-2567/2388/3357/2097 - binagri@agro.gov.br

Ministério da Agricultura e Pecuária , Esplanada dos Ministérios, Bloco D, Anexo B, Brasília/DF, CEP: 70.043-900